| 000 | 01915cam a22004937i 4500 | ||
|---|---|---|---|
| 001 | 3714 | ||
| 003 | FISKH | ||
| 005 | 20240430084257.0 | ||
| 008 | 140430s2013 dcuab j 001 0 eng d | ||
| 010 | _a 2013372338 | ||
| 020 | _a9781426313653 (reinforced library binding) | ||
| 020 | _a9781426313646 (paperback) | ||
| 020 | _a1426313659 (reinforced library binding) | ||
| 020 | _a1426313640 (paperback) | ||
| 035 | _a(OCoLC)ocn825046848 | ||
| 040 |
_aYDXCP _beng _cYDXCP _erda _dBTCTA _dIOS _dOI6 _dOCLCO _dCPL _dOCLCF _dKCP _dDLC |
||
| 042 | _alccopycat | ||
| 050 | 0 | 0 |
_aQE521.3 _b.F87 2013 |
| 082 | 0 | 4 |
_a551.2 _223 |
| 100 | 1 | _aFurgang, Kathy, | |
| 245 | 1 | 0 |
_aEverything volcanoes & earthquakes / _cby Kathy Furgang, with National Geographic Explorer Carsten Peter. |
| 260 |
_aWashington : _bScholastic, _c2013. |
||
| 300 |
_a64 pages : _bcolor illustrations, color map ; _c29 cm. |
||
| 336 |
_atext _btxt _2rdacontent |
||
| 337 |
_aunmediated _bn _2rdamedia |
||
| 338 |
_avolume _bnc _2rdacarrier |
||
| 490 | 1 | _aNational Geographic kids. Everything series | |
| 520 | _aIntroduces kids to plate tectonics and the tumultuous forces brewing beneath the Earth's surface that result in massive volcanoes and earth-shattering earthquakes. Includes over 100 photos and pictures, field notes, quizzes, and an interactive glossary -- | ||
| 650 | 0 |
_aEarthquakes _vJuvenile literature. |
|
| 650 | 0 |
_aVolcanoes _vJuvenile literature. |
|
| 650 | 0 |
_aSubmarine volcanoes _vJuvenile literature. |
|
| 650 | 1 | _aEarthquakes. | |
| 650 | 1 | _aVolcanoes. | |
| 650 | 1 | _aSubmarine volcanoes | |
| 650 | 7 | _aEarthquakes. | |
| 650 | 7 | _aSubmarine volcanoes. | |
| 650 | 7 | _aVolcanoes. | |
| 655 | 7 | _aJuvenile works. | |
| 700 | 1 |
_aPeter, Carsten, _eExplorer |
|
| 906 |
_a7 _bcbc _ccopycat _d2 _encip _f20 _gy-gencatlg |
||
| 942 |
_2ddc _cBK _n0 |
||
| 999 |
_c3714 _d3714 |
||